000 00276nam a22001217a 4500
008 171101b xxu||||| |||| 00| 0 eng d
041 _aeng
080 _25TH
_a33
100 _a59
101 _aBUS
245 _aPRINCIPLES OF ENGINEERING ECONOMY
_cGRANT.E.L
942 _2udc
_cBK
999 _c37030
_d37030